• 首页
  • 本馆介绍
  • 公告通知
  • 最新文献
  • 馆藏检索
  • 电子资源
  • 读者导购
  • 参考咨询
  • 我的图书馆
  • 登录
  • 详细信息显示
  • 放入我的书架
  • 预约/预借图书
  • 作者相关作品
  • 分类相关作品
  • 丛书相关作品
  • 出版社相关作品

书目信息

  • 表格格式
  • 工作单格式
  • 卡片格式
题名:
20世纪心理学名家名著
    
 
作者: 莫雷 主编
分册:  
出版信息: 广州   广东高等教育出版社  2002
页数: 1243页
开本: 20cm
丛书名:
单 册:
中图分类: Z88:B84 , B84
科图分类:
主题词: 心理学--著作--介绍--世界--20世纪 , 心理学家--思想评论--世界--20世纪
电子资源:
ISBN: 7-5361-2570-4
000 00889nam0 2200241 450
001 1571676344
005 20150124195511.35
010    @a7-5361-2570-4@b精装@dCNY88.00
100    @a20021113d2002----em-y0chiy0110----ea
101 0  @achi
102    @aCN@b440000
105    @aa---z---000yd
200 1  @a20世纪心理学名家名著@920 shi ji xin li xue ming jia ming zhu@f莫雷主编
210    @a广州@c广东高等教育出版社@d2002
215    @a1243页@d20cm
330    @a本书分为两大部分。上篇选取15名最著名、影响最大的心理学家及其代表性论著;下篇则按照普通心理与认知心理、发展与教育心理、人格与社会心理三大领域,分别选出该领域著名的、有重要影响的28名心理学家及其代表性论著。
606 0  @a心理学@x著作@x介绍@y世界@z20世纪
606 0  @a心理学家@x思想评论@y世界@z20世纪
690    @aZ88:B84@v5
690    @aB84@v4
701  0 @a莫雷@9mo lei@4主编
801  0 @aCN@bTSSF@c20150115
905    @aZUCC@dB84@eJY60
    
    20世纪心理学名家名著/莫雷主编.-广州:广东高等教育出版社,2002
    1243页;20cm
    
    
    ISBN 7-5361-2570-4(精装):CNY88.00
    本书分为两大部分。上篇选取15名最著名、影响最大的心理学家及其代表性论著;下篇则按照普通心理与认知心理、发展与教育心理、人格与社会心理三大领域,分别选出该领域著名的、有重要影响的28名心理学家及其代表性论著。
●
相关链接 在E读中查询图书 在五车中查询图书 在当当中查询图书 在豆瓣中查询图书


正题名:20世纪心理学名家名著     索取号:B84/JY60         预约/预借

序号 登录号 条形码 馆藏地/架位号 状态 备注
1 7846028   278460283   学院路分馆/ [索取号:B84/JY60] 在馆    
2 7846029   278460292   学院路分馆/ [索取号:B84/JY60] 在馆    
唐山师范学院图书馆 欢迎您!
大连网信软件有限公司© 版权所有